| 000 | 00323nab a22001097u 4500 | ||
|---|---|---|---|
| 008 | 130520b2003 xxu||||| |||| 00| 0 spa d | ||
| 041 | _aspa | ||
| 100 | 1 |
_aKittay, Eva _970438 |
|
| 245 | 0 | 0 |
_aDiscapacidad, dignidad y protección _cEva Kittay |
| 773 | 0 |
_tConcilium _gnº300,2003,págs. 119-132 _x0210-1041 _wRev134 |
|
| 942 | _cAR | ||
| 999 |
_c363803 _d363803 |
||